Using Authentic Materials to Enrich Vocabulary for Listening Comprehension by the Second-year English Major Students at the University of Foreign Languages – Da Nang University /

Sparad:
Bibliografiska uppgifter
Huvudupphovsman: Võ ,Thị Quý
Materialtyp: Bok
Språk:English
Publicerad: DHNN, 2014.
Ämnen:
Taggar: Lägg till en tagg
Inga taggar, Lägg till första taggen!
Thư viện lưu trữ: Mạng thư viện Đại học Đà Nẵng
LEADER 01269cam a22003371a 4500
001 000041273
003 17573
005 20230315102358.0
008 170419s2014 vm 000 eng
040 |a LNN 
041 |a eng 
082 |a 428.2  |b VO-Q 
100 |a Võ ,Thị Quý 
245 0 |a Using Authentic Materials to Enrich Vocabulary for Listening Comprehension by the Second-year English Major Students at the University of Foreign Languages – Da Nang University /  |c Võ Thị Quý. 
260 |a DHNN,  |c 2014. 
300 |a 71tr . : ill ; 30cm. 
650 |a Using Authentic Materials to Enrich Vocabulary for Listening Comprehension. 
852 |b P.Doc  |c Luận văn sinh viên 
OWN |a LNN 
AVA |a UDN50  |b LNN  |c English  |d 428.2 VO-Q  |e available  |t Error 5001 Not defined in file expand_doc_bib_avail.  |f 2  |g 0  |h N  |i 0  |j AN  |k 1 
999 |a From the UDN01 
AVA |a UDN50  |b LNN  |c English  |d 428.2 VO-Q  |e available  |t Error 5001 Not defined in file expand_doc_bib_avail.  |f 2  |g 0  |h N  |i 0  |j AN  |k 1 
TYP |a Monograph 
TYP |a Printed language 
980 |a Mạng thư viện Đại học Đà Nẵng